000 00360nam a2200157Ia 4500
003 OSt
005 20240220111947.0
008 170523s9999 xx 000 0 und d
020 _a978-9351342960
040 _ciimt university meerut
100 _aLESIKAR
245 0 _aBUSINESS COMMUNICATION
260 _bRICHARD D IRWIN
260 _c1994
942 _2ddc
_c02
999 _c515
_d515